Foreign criticism of American education, (Record no. 20497)

MARC details
000 -LEADER
fixed length control field 00982cam a22002651 4500
001 - CONTROL NUMBER
control field e 22000035
003 - CONTROL NUMBER IDENTIFIER
control field DLC
005 - DATE AND TIME OF LATEST TRANSACTION
control field 20260227111213.0
008 - FIXED-LENGTH DATA ELEMENTS--GENERAL INFORMATION
fixed length control field 790625s1922 dcu f001 0 eng
010 ## - LIBRARY OF CONGRESS CONTROL NUMBER
LC control number e 22000035
035 ## - SYSTEM CONTROL NUMBER
System control number (OCoLC)5105431
040 ## - CATALOGING SOURCE
Original cataloging agency DLC
Transcribing agency MiAdC
Modifying agency OCoLC
-- DLC
042 ## - AUTHENTICATION CODE
Authentication code premarc
050 00 - LIBRARY OF CONGRESS CALL NUMBER
Classification number L111
Item number .A6 1921, no. 8
051 ## - LIBRARY OF CONGRESS COPY, ISSUE, OFFPRINT STATEMENT
Classification number LA209
Item number .O8
100 1# - MAIN ENTRY--PERSONAL NAME
Personal name Osburn, W. J.
Fuller form of name (Worth James),
Dates associated with a name 1882-1956.
245 10 - TITLE STATEMENT
Title Foreign criticism of American education,
Statement of responsibility, etc. by W. J. Osburn of the Department of education of the state of Wisconsin.
260 ## - PUBLICATION, DISTRIBUTION, ETC.
Place of publication, distribution, etc. Washington,
Name of publisher, distributor, etc. Govt. print. off.,
Date of publication, distribution, etc. 1922.
300 ## - PHYSICAL DESCRIPTION
Extent 158 p.
Dimensions 23 cm.
490 0# - SERIES STATEMENT
Series statement [U.S.] Bureau of education. Bulletin, 1921,
Volume/sequential designation no. 8
500 ## - GENERAL NOTE
General note At head of title: Department of the interior. Bureau of education.
500 ## - GENERAL NOTE
General note Author's doctoral dissertation, Columbia university, 1922, but not published as a thesis.
504 ## - BIBLIOGRAPHY, ETC. NOTE
Bibliography, etc. note Bibliography: p. 152-156.
650 #0 - SUBJECT ADDED ENTRY--TOPICAL TERM
Topical term or geographic name entry element Education
Geographic subdivision United States.

No items available.

Powered by Koha